000 00412nam a2200169Ia 4500
008 110201s9999 xx 000 0 und d
082 _bB10757
_aBAL 2534
100 _aShevrin N .L.
245 _aLet's Play Geometry
260 _bMir Publisher's
365 _b0
600 _aShevrin N .L.
630 _aLet's Play Geometry
700 _aShevrin N .L.
730 _aLet's Play Geometry
942 _cBOOK
999 _c836154
_d836151